000 00474nam a2200181Ia 4500
001 13184
005 20260306163035.0
008 260306t2012||||xx |||||||||||||| ||spa||
041 _aESP
082 _a001.42
_bA72 2012
100 _aArias Galicia, Fernando (comp.)
_eAUT
245 0 _aLecturas para el curso de metodología de la investigación
260 _c2012
300 _a621 páginas :
_c23 cm.
650 _aGEN
654 _aCHU
942 _cLIB
_dJUS
_fJUS
_2ddc
_n
999 _c13184
_d13184